| 000 | 00888nam a2200241 a 4500 | ||
|---|---|---|---|
| 001 | 38841 | ||
| 003 | BD-RjUL | ||
| 005 | 20211209052852.0 | ||
| 008 | 160307s2012 bg ||||| |||| 00| 0 ben d | ||
| 020 |
_a9789848919460 _c: TK. 300.00 |
||
| 035 | _a(BD-RjUL)38950 | ||
| 040 |
_aBD-RjUL _bben _cBD-RjUL |
||
| 041 | _aben | ||
| 082 |
_223 _a294.5925 _bBAB 2012 |
||
| 100 |
_aবণিক, বিথীকা _9119781 |
||
| 245 | 1 | 0 |
_aভারতীয় পুরাণ : _bস্রষ্টা ও স্বরূপ / _cবিথীকা বণিক |
| 260 |
_aঢাকা : _bআবুল বাশার ফিরোজ, _c২০১২ |
||
| 300 |
_a১৭৫ পৃ. ; _c২২ সেমি. |
||
| 504 | _aগ্রন্থপঞ্জি সম্বলিত। | ||
| 650 |
_aপুরাণ _9119801 _zভারত |
||
| 650 |
_aPuranas _9119802 _zIndia |
||
| 942 |
_2ddc _cBK |
||
| 999 |
_c38841 _d38841 |
||